| 000 | 01187cam a2200337 a 4500 | ||
|---|---|---|---|
| 001 | 116444 | ||
| 005 | 20230410142343.0 | ||
| 008 | 970828s1997 cau 000 0 eng d | ||
| 010 | _a 97070806 | ||
| 020 | _a0898706408 (alk. paper) | ||
| 035 | _a(OCoLC)37920876 | ||
| 040 |
_aMBtS _cMBtS _dMnCS _dDLC |
||
| 041 | 1 |
_aeng _hger |
|
| 042 | _alccopycat | ||
| 050 | 1 | 4 |
_aBX 1751.2 _bB463s 1997 |
| 082 | 0 | 0 |
_a282 _221 |
| 100 | 0 |
_aBenedict _bXVI, _cPope, _d1927- |
|
| 240 | 1 | 0 |
_aSalz der Erde. _lEnglish |
| 245 | 1 | 0 |
_aSalt of the earth : _bChristianity and the Catholic Church at the end of the millennium / _cJoseph Cardinal Ratzinger ; an interview with Peter Seewald ; translated by Adrian Walker. |
| 260 |
_aSan Francisco : _bIgnatius Press, _cc1997. |
||
| 300 |
_a283 p. ; _c21 cm. |
||
| 500 | _a"The church at the end of the millennium"--Cover. | ||
| 610 | 2 | 0 |
_aCatholic Church _xDoctrines _xHistory _y20th century. |
| 610 | 2 | 0 |
_aCatholic Church _xHistory _y20th century. |
| 650 | 0 |
_aChristianity _y20th century. |
|
| 650 | 4 |
_aCristianismo _ysiglo 20. |
|
| 600 | 0 | 0 |
_aBenedict _bXVI, _cPope, _d1927- _vInterviews. |
| 700 | 1 | _aSeewald, Peter. | |
| 942 |
_2lcc _cbk |
||
| 946 | _aYSL | ||
| 999 |
_c94137 _d94137 |
||